[Event "LSS No Engine Cup 216 Preliminary 0"]
[Site "LSS email"]
[Date "2021.04.11"]
[Round "?"]
[White "Ramian, Zdenek"]
[Black "Shim Ng Min, Francis"]
[Result "0-1"]
[WhiteElo "1874"]
[BlackElo "1489"]
[PlyCount "114"]
[EventDate "2021.04.11"]
[EventType "tourn (corr)"]
[EventRounds "6"]
[EventCountry "GER"]
[SourceTitle "Corr 2024"]
[Source "ChessBase"]
[SourceDate "2023.10.19"]
[SourceVersion "1"]
[SourceVersionDate "2023.10.19"]
[SourceQuality "1"]

1. d4 g6 2. c4 Bg7 3. Nc3 Nf6 4. Nf3 0-0 5. e4 d6 6. Be2 e5 7. d5 c6 8. 0-0 cxd5 9. cxd5 Nbd7 10. Bg5 Qa5 11. Bd2 Qd8 12. Rc1 a6 13. Re1 b5 14. a3 Bb7 15. Bg5 Qb6 16. h3 Rac8 17. Qd2 Nc5 18. Qe3 Ncd7 19. Qxb6 Nxb6 20. Na2 Nxe4 21. Be3 Nxd5 22. Bd3 Nef6 23. Nd2 Nxe3 24. fxe3 d5 25. Rxc8 Rxc8 26. Kf2 e4 27. Bb1 Nd7 28. b3 Ne5 29. Ke2 a5 30. Rc1 Rxc1 31. Nxc1 a4 32. Bc2 axb3 33. Ncxb3 Nc4 34. Nxc4 bxc4 35. Nd4 Bxd4 36. exd4 f5 37. Ke3 Kf7 38. Kf4 Kf6 39. h4 h6 40. g3 g5+ 41. hxg5+ hxg5+ 42. Ke3 Bc6 43. a4 Ke6 44. a5 Bb5 45. Bd1 Kd6 46. Bh5 Kc7 47. Bf7 Kd6 48. Bg6 Ke6 49. Bh7 c3 50. Bg8+ Kd6 51. Bh7 Bd7 52. a6 Kc7 53. Bg8 Kb6 54. Bxd5 Kxa6 55. Bb3 Kb5 56. d5 Kb4 57. Bd1 Ka3 0-1

[Event "LSS No Engine Cup 178 Preliminary 0"]
[Site "LSS email"]
[Date "2018.04.16"]
[Round "?"]
[White "Csoma, Robert"]
[Black "Ramian, Zdenek"]
[Result "1/2-1/2"]
[WhiteElo "1600"]
[BlackElo "1873"]
[PlyCount "80"]
[EventDate "2018.04.17"]
[EventType "tourn (corr)"]
[EventRounds "6"]
[EventCountry "GER"]
[SourceTitle "Corr 2022"]
[Source "ChessBase"]
[SourceDate "2021.10.24"]
[SourceVersion "1"]
[SourceVersionDate "2021.10.24"]
[SourceQuality "1"]

1. Nf3 Nf6 2. c4 e6 3. Nc3 Nc6 4. g3 Be7 5. Bg2 0-0 6. 0-0 d5 7. d4 dxc4 8. e4 Nb4 9. Ne5 c6 10. Nxc4 Re8 11. a3 Na6 12. Be3 Nc7 13. Qe2 h6 14. Rfd1 Nb5 15. Nxb5 cxb5 16. Ne5 a6 17. Rac1 Nd7 18. Nxd7 Bxd7 19. e5 Bc6 20. Bxc6 bxc6 21. Rxc6 Qd5 22. Rdc1 Ra7 23. Rc7 Rxc7 24. Rxc7 Bd8 25. Rc5 Qb7 26. Qc2 Bb6 27. Rc3 a5 28. Qb3 Ba7 29. Qc2 Bb6 30. Qe2 Qd5 31. Qc2 Rd8 32. Rd3 Qe4 33. Qd2 b4 34. axb4 axb4 35. Qd1 Ra8 36. f3 Qd5 37. Kf2 Ra2 38. Qd2 Qb5 39. g4 Ba5 40. Rb3 Qc4 1/2-1/2

[Event "OP-2018-0-04534"]
[Site "LSS email"]
[Date "2018.02.23"]
[Round "?"]
[White "Ramian, Zdenek"]
[Black "Janda, Krzysztof"]
[Result "0-1"]
[WhiteElo "1629"]
[BlackElo "2143"]
[PlyCount "60"]
[EventDate "2018.02.15"]
[EventType "tourn (corr)"]
[EventRounds "4"]
[EventCountry "GER"]
[SourceTitle "Corr 2022"]
[Source "ChessBase"]
[SourceDate "2021.10.24"]
[SourceVersion "1"]
[SourceVersionDate "2021.10.24"]
[SourceQuality "1"]

1. d4 Nf6 2. c4 e6 3. Nc3 Bb4 4. e3 d5 5. a3 Bxc3+ 6. bxc3 0-0 7. Nf3 c5 8. Bd3 Qc7 9. Qc2 b6 10. cxd5 c4 11. Be2 exd5 12. 0-0 Nc6 13. Re1 Re8 14. Bd2 Na5 15. Ne5 Ne4 16. Bc1 Bf5 17. Bb2 g6 18. g4 Be6 19. f3 Nd6 20. g5 Bf5 21. Qd1 h6 22. h4 hxg5 23. hxg5 Qe7 24. f4 Kg7 25. Bg4 Rh8 26. Bxf5 gxf5 27. Qe2 Ne4 28. Qg2 Rh4 29. Re2 Rah8 30. Rf1 Qe8 0-1

[Event "OP-2018-0-04534"]
[Site "LSS email"]
[Date "2018.02.23"]
[Round "?"]
[White "Trzcinski, Ireneusz"]
[Black "Ramian, Zdenek"]
[Result "1-0"]
[WhiteElo "2339"]
[BlackElo "1629"]
[PlyCount "57"]
[EventDate "2018.02.15"]
[EventType "tourn (corr)"]
[EventRounds "4"]
[EventCountry "GER"]
[SourceTitle "Corr 2022"]
[Source "ChessBase"]
[SourceDate "2021.10.24"]
[SourceVersion "1"]
[SourceVersionDate "2021.10.24"]
[SourceQuality "1"]

1. e4 e6 2. d4 d5 3. Nc3 dxe4 4. Nxe4 Nf6 5. Bd3 Be7 6. Nf3 Nbd7 7. c4 c6 8. 0-0 Nxe4 9. Bxe4 Nf6 10. Bc2 0-0 11. Qd3 g6 12. Bh6 Re8 13. Rad1 Bf8 14. Qd2 Bg7 15. Ne5 Qc7 16. Rfe1 Bd7 17. Bf4 Qc8 18. Bg5 Rf8 19. Qf4 Nh5 20. Qf3 f5 21. Be7 Re8 22. Qa3 Bf6 23. Bd6 Qd8 24. c5 Be7 25. Rd3 Nf4 26. Rg3 Nd5 27. Qf3 Bxd6 28. cxd6 Qa5 29. Rd1 1-0

[Event "ZI-2015-0-02049"]
[Site "LSS email"]
[Date "2015.09.26"]
[Round "?"]
[White "Ramian, Zdenek"]
[Black "Dlugolecki, Grzegorz"]
[Result "1-0"]
[WhiteElo "1614"]
[BlackElo "1687"]
[PlyCount "53"]
[EventDate "2015.09.21"]
[EventType "match (corr)"]
[EventRounds "2"]
[EventCountry "GER"]
[SourceTitle "Corr 2022"]
[Source "ChessBase"]
[SourceDate "2021.10.24"]
[SourceVersion "1"]
[SourceVersionDate "2021.10.24"]
[SourceQuality "1"]

1. d4 Nf6 2. c4 e6 3. Nc3 Bb4 4. Nf3 0-0 5. a3 Bxc3+ 6. bxc3 b6 7. g3 d6 8. Bg2 Bb7 9. 0-0 Nbd7 10. Qb3 Re8 11. Bg5 Qc8 12. a4 Rb8 13. Rfd1 Ne4 14. Qc2 Nxg5 15. Nxg5 Nf6 16. e4 h6 17. Nh3 Ba6 18. e5 Nd7 19. Qe2 d5 20. Qf3 Bxc4 21. Nf4 c6 22. Nd3 a5 23. Nb2 Ba6 24. Qe3 Qc7 25. Nd3 c5 26. Nf4 Bc4 27. Nh5 1-0

[Event "LSS No Engine Cup 130 Preliminary 0"]
[Site "LSS email"]
[Date "2015.05.02"]
[Round "?"]
[White "Ramian, Zdenek"]
[Black "Stehling, Eva"]
[Result "1-0"]
[WhiteElo "1871"]
[BlackElo "1600"]
[PlyCount "69"]
[EventDate "2015.05.03"]
[EventType "tourn (corr)"]
[EventRounds "6"]
[EventCountry "GER"]
[SourceTitle "Corr 2022"]
[Source "ChessBase"]
[SourceDate "2021.10.24"]
[SourceVersion "1"]
[SourceVersionDate "2021.10.24"]
[SourceQuality "1"]

1. d4 d5 2. c4 dxc4 3. Nc3 Nf6 4. Nf3 g6 5. e4 Bg7 6. Bxc4 0-0 7. 0-0 Bg4 8. Be2 Nbd7 9. e5 Ne8 10. Qb3 b6 11. h3 Bxf3 12. Bxf3 Rb8 13. Be3 c5 14. Bd5 e6 15. Be4 cxd4 16. Bxd4 Nxe5 17. Rad1 Qc7 18. Nb5 Qe7 19. f4 Nd7 20. Nxa7 Bxd4+ 21. Rxd4 Nc5 22. Nc6 Qf6 23. Qe3 Rc8 24. Ne5 Nxe4 25. Rxe4 Qd8 26. Rd4 Qc7 27. Nd7 Nd6 28. Nxf8 Nf5 29. Nxe6 Nxe3 30. Nxc7 Nxf1 31. Nd5 Ng3 32. Ne7+ Kf8 33. Nxc8 Ne2+ 34. Kf2 Nxd4 35. Nxb6 1-0

[Event "LSS No Engine Cup 124 Preliminary 0"]
[Site "LSS email"]
[Date "2015.01.12"]
[Round "?"]
[White "Martin, Hector Eduardo Lope"]
[Black "Ramian, Zdenek"]
[Result "0-1"]
[WhiteElo "1451"]
[BlackElo "1870"]
[PlyCount "68"]
[EventDate "2015.01.13"]
[EventType "tourn (corr)"]
[EventRounds "6"]
[EventCountry "GER"]
[SourceTitle "Corr 2022"]
[Source "ChessBase"]
[SourceDate "2021.10.24"]
[SourceVersion "1"]
[SourceVersionDate "2021.10.24"]
[SourceQuality "1"]

1. c4 e5 2. Nc3 Nf6 3. e4 Bc5 4. d3 Nc6 5. g3 0-0 6. Bg2 d6 7. h3 Be6 8. Nf3 Nd4 9. Ng5 a6 10. a3 b5 11. b4 Bb6 12. Nxe6 fxe6 13. 0-0 c6 14. Be3 Qc7 15. a4 bxc4 16. dxc4 Rab8 17. a5 Ba7 18. Rb1 c5 19. Na2 cxb4 20. Rxb4 Rxb4 21. Nxb4 Qxa5 22. Bd2 Qa3 23. Nc2 Nxc2 24. Qxc2 Qxg3 25. Bb4 Nh5 26. c5 Qg5 27. Kh2 Nf4 28. Rg1 Bxc5 29. Bxc5 dxc5 30. Bf3 Qe7 31. Be2 Qh4 32. Rg3 Nxh3 33. Rxh3 Qxf2+ 34. Kh1 Qe1+ 0-1

[Event "LSS No Engine Cup 124 Preliminary 0"]
[Site "LSS email"]
[Date "2015.01.12"]
[Round "?"]
[White "Ramian, Zdenek"]
[Black "Boni, Roberto"]
[Result "1/2-1/2"]
[WhiteElo "1870"]
[BlackElo "1719"]
[PlyCount "121"]
[EventDate "2015.01.13"]
[EventType "tourn (corr)"]
[EventRounds "6"]
[EventCountry "GER"]
[SourceTitle "Corr 2022"]
[Source "ChessBase"]
[SourceDate "2021.10.24"]
[SourceVersion "1"]
[SourceVersionDate "2021.10.24"]
[SourceQuality "1"]

1. d4 Nf6 2. c4 e6 3. Nc3 Bb4 4. a3 Bxc3+ 5. bxc3 c5 6. Nf3 Nc6 7. Bg5 Qa5 8. Bxf6 Qxc3+ 9. Nd2 gxf6 10. dxc5 Nd4 11. Rc1 Qxa3 12. Ne4 Qb4+ 13. Rc3 Nc6 14. Qc1 Ke7 15. Qf4 Qb1+ 16. Kd2 Qb2+ 17. Ke3 Rg8 18. Qxf6+ Kf8 19. Qh6+ Rg7 20. Qf6 Ne7 21. Rd3 Nf5+ 22. Kf4 Qxf6 23. Nxf6 Ke7 24. Nh5 Rg6 25. g4 Ng7 26. Nxg7 Rxg7 27. Bg2 h5 28. h3 hxg4 29. hxg4 a5 30. Be4 a4 31. f3 Ra5 32. Ra3 d6 33. cxd6+ Kxd6 34. c5+ Rxc5 35. Rxa4 e5+ 36. Ke3 Bd7 37. Ra7 Bc6 38. Bxc6 bxc6 39. Rh6+ Rg6 40. Rh7 Rc3+ 41. Kd2 Rc4 42. Rhxf7 e4 43. Rad7+ Kc5 44. Rf5+ Kb6 45. g5 exf3 46. exf3 Re6 47. Rd3 c5 48. f4 Ree4 49. Rf6+ Kb5 50. g6 Rxf4 51. Rb3+ Ka4 52. Rxf4 Rxf4 53. Rg3 Rf8 54. g7 Rg8 55. Kc3 Kb5 56. Rg6 c4 57. Kd4 Kb4 58. Rb6+ Ka5 59. Rb7 Ka6 60. Rf7 Kb5 61. Rb7+ 1/2-1/2

[Event "LSS No Engine Cup 124 Preliminary 0"]
[Site "LSS email"]
[Date "2015.01.12"]
[Round "?"]
[White "Selmeczi, Jozsef"]
[Black "Ramian, Zdenek"]
[Result "1-0"]
[WhiteElo "2013"]
[BlackElo "1870"]
[PlyCount "89"]
[EventDate "2015.01.13"]
[EventType "tourn (corr)"]
[EventRounds "6"]
[EventCountry "GER"]
[SourceTitle "Corr 2022"]
[Source "ChessBase"]
[SourceDate "2021.10.24"]
[SourceVersion "1"]
[SourceVersionDate "2021.10.24"]
[SourceQuality "1"]

1. d4 Nf6 2. c4 d5 3. cxd5 Nxd5 4. e4 Nf6 5. Nc3 e6 6. Nf3 Be7 7. Bb5+ c6 8. Bd3 Nbd7 9. 0-0 0-0 10. Bf4 Nb6 11. Qc2 Nh5 12. Be3 f5 13. exf5 exf5 14. Rfe1 Bd6 15. Bg5 Qc7 16. a4 h6 17. Bd2 a5 18. Qb3+ Kh7 19. Ne5 Nf6 20. Rac1 Bb4 21. Re3 Qd6 22. Rf3 Nbd5 23. Bxf5+ Bxf5 24. Rxf5 Nc7 25. g3 Qe6 26. Qc2 Kg8 27. Ng6 Rfe8 28. Re1 Qd6 29. Ne5 Ne6 30. Qb3 Nd5 31. Re4 Rac8 32. Nf7 Qd7 33. Rg4 Bxc3 34. Nxh6+ Kh8 35. Nf7+ Kg8 36. bxc3 Re7 37. Nh6+ Kh8 38. c4 Nf6 39. Rxf6 gxf6 40. d5 Ng5 41. Bxg5 fxg5 42. Qb2+ Kh7 43. Rxg5 Re1+ 44. Kg2 cxd5 45. Nf5 1-0

[Event "LSS No Engine Cup 118 Preliminary 2"]
[Site "LSS email"]
[Date "2014.09.25"]
[Round "?"]
[White "Garcia, Javier N"]
[Black "Ramian, Zdenek"]
[Result "0-1"]
[WhiteElo "747"]
[BlackElo "1649"]
[PlyCount "28"]
[EventDate "2014.09.26"]
[EventType "tourn (corr)"]
[EventRounds "6"]
[EventCountry "GER"]
[SourceTitle "Corr 2015"]
[Source "ChessBase"]
[SourceDate "2015.07.17"]
[SourceVersion "1"]
[SourceVersionDate "2015.07.17"]
[SourceQuality "1"]

1. d4 Nf6 2. c4 e6 3. Nc3 d5 4. Bg5 Nbd7 5. Nf3 c6 6. cxd5 exd5 7. e3 h6 8. Bh4 g5 9. Nxg5 hxg5 10. Bxg5 Be7 11. Bd3 Ne4 12. Bxe7 Qxe7 13. Nxe4 dxe4 14. Bc4 Qb4+ 0-1

[Event "LSS No Engine Cup 118 Preliminary 2"]
[Site "LSS email"]
[Date "2014.09.25"]
[Round "?"]
[White "Van Bommel, Ton"]
[Black "Ramian, Zdenek"]
[Result "1/2-1/2"]
[WhiteElo "1940"]
[BlackElo "1649"]
[PlyCount "84"]
[EventDate "2014.09.26"]
[EventType "tourn (corr)"]
[EventRounds "6"]
[EventCountry "GER"]
[SourceTitle "Corr 2015"]
[Source "ChessBase"]
[SourceDate "2015.07.17"]
[SourceVersion "1"]
[SourceVersionDate "2015.07.17"]
[SourceQuality "1"]

1. c4 e5 2. g3 Nf6 3. Bg2 Nc6 4. Nf3 Bc5 5. Nc3 0-0 6. Nxe5 Bxf2+ 7. Kxf2 Nxe5 8. b3 Nfg4+ 9. Kg1 Qf6 10. Qf1 Qb6+ 11. e3 Nf6 12. d4 Ng6 13. c5 Qe6 14. Qc4 c6 15. Qxe6 dxe6 16. e4 Rd8 17. e5 Nd5 18. Nxd5 exd5 19. Kf2 Rf8 20. Rf1 Ne7 21. Ke2 Nf5 22. Bb2 Be6 23. Kd3 f6 24. Rae1 fxe5 25. Rxe5 Rae8 26. Bc1 Bc8 27. Bf4 Rxe5 28. Bxe5 Ne7 29. Rxf8+ Kxf8 30. Bf3 Bf5+ 31. Kc3 g5 32. Bh5 Bg6 33. Bxg6 Nxg6 34. Bb8 a6 35. Kb4 Ke8 36. Ka5 Kd8 37. g4 Nf8 38. Bg3 Nd7 39. h4 h6 40. hxg5 hxg5 41. Bf2 Nf6 42. Be3 Nxg4 1/2-1/2

[Event "LSS No Engine Cup 106 Preliminary 0"]
[Site "LSS email"]
[Date "2014.03.04"]
[Round "?"]
[White "Garcia, Javier"]
[Black "Ramian, Zdenek"]
[Result "0-1"]
[WhiteElo "962"]
[BlackElo "1600"]
[PlyCount "66"]
[EventDate "2014.03.05"]
[EventType "tourn (corr)"]
[EventRounds "6"]
[EventCountry "GER"]
[SourceTitle "Corr 2022"]
[Source "ChessBase"]
[SourceDate "2021.10.24"]
[SourceVersion "1"]
[SourceVersionDate "2021.10.24"]
[SourceQuality "1"]

1. d4 Nf6 2. c4 g6 3. Nc3 Bg7 4. Nf3 0-0 5. e4 d6 6. Bd3 c5 7. d5 Bg4 8. h3 Bd7 9. Be3 Qb6 10. Qb3 Qxb3 11. axb3 Na6 12. 0-0 Nb4 13. Be2 Nc2 14. Ra2 Nxe3 15. fxe3 a6 16. Rfa1 Rfe8 17. e5 dxe5 18. Nxe5 Red8 19. Nxd7 Nxd7 20. Nb5 Bxb2 21. Rxb2 axb5 22. Rba2 Rxa2 23. Rxa2 b4 24. Ra7 b6 25. Bg4 f5 26. Bf3 Kf8 27. Kf2 Kf7 28. Rb7 Kf6 29. g4 e6 30. d6 h6 31. Bc6 Ne5 32. Rxb6 Rxd6 33. Rb5 Rxc6 0-1

[Event "LSS No Engine Cup 106 Preliminary 0"]
[Site "LSS email"]
[Date "2014.03.04"]
[Round "?"]
[White "Ramian, Zdenek"]
[Black "Perez Garcia, Miguel"]
[Result "0-1"]
[WhiteElo "1600"]
[BlackElo "1715"]
[PlyCount "70"]
[EventDate "2014.03.05"]
[EventType "tourn (corr)"]
[EventRounds "6"]
[EventCountry "GER"]
[SourceTitle "Corr 2022"]
[Source "ChessBase"]
[SourceDate "2021.10.24"]
[SourceVersion "1"]
[SourceVersionDate "2021.10.24"]
[SourceQuality "1"]

1. d4 Nf6 2. Nf3 e6 3. c4 b6 4. g3 Bb7 5. Bg2 Be7 6. 0-0 0-0 7. Nc3 Ne4 8. Qc2 Nxc3 9. Qxc3 c5 10. dxc5 bxc5 11. Be3 Nc6 12. Rfd1 Qc7 13. Qd3 Rad8 14. a3 f5 15. Bf4 d6 16. Bg5 Ne5 17. Qb3 Bxg5 18. Nxg5 Bxg2 19. Kxg2 Rb8 20. Qc2 Qc6+ 21. f3 Rf6 22. Nh3 Rh6 23. Nf4 g5 24. Nd3 Ng4 25. Qd2 Rxh2+ 26. Kg1 h6 27. Ne1 Rh3 28. Kg2 Rh5 29. b4 Rd8 30. b5 Qb7 31. Nd3 d5 32. Rh1 Rxh1 33. Rxh1 dxc4 34. Nxc5 Rxd2 35. Nxb7 Rxe2+ 0-1

[Event "OP-2014-0-03278"]
[Site "LSS email"]
[Date "2014.02.04"]
[Round "?"]
[White "Vazquez, Alvaro"]
[Black "Ramian, Zdenek"]
[Result "0-1"]
[WhiteElo "648"]
[BlackElo "1678"]
[PlyCount "54"]
[EventDate "2014.02.01"]
[EventType "tourn (corr)"]
[EventRounds "4"]
[EventCountry "GER"]
[SourceTitle "Telechess CBM 167"]
[Source "ChessBase"]
[SourceDate "2015.07.13"]
[SourceVersion "1"]
[SourceVersionDate "2015.07.13"]
[SourceQuality "1"]

1. Nc3 Nc6 2. e3 Nf6 3. d4 d5 4. Bb5 Bd7 5. Nf3 e6 6. a3 Bd6 7. Qd3 0-0 8. 0-0 a6 9. Bxc6 bxc6 10. Ne5 c5 11. f4 c4 12. Qe2 c5 13. Rf3 Qb6 14. Rg3 Rab8 15. Nxd7 Nxd7 16. Qg4 g6 17. Rh3 cxd4 18. Na4 Qa5 19. Qh4 h5 20. b3 cxb3 21. cxb3 Rxb3 22. Nb2 dxe3 23. Bxe3 Rxb2 24. g4 Bc5 25. gxh5 Bxe3+ 26. Rxe3 Qd2 27. Rae1 Qg2# 0-1

[Event "ZN-2013-0-02504"]
[Site "LSS email"]
[Date "2013.12.02"]
[Round "?"]
[White "Ramian, Zdenek"]
[Black "Usmanoff, Rustam"]
[Result "0-1"]
[WhiteElo "1775"]
[BlackElo "2100"]
[PlyCount "46"]
[EventDate "2013.11.23"]
[EventType "match (corr)"]
[EventRounds "2"]
[EventCountry "GER"]
[SourceTitle "Corr 2022"]
[Source "ChessBase"]
[SourceDate "2021.10.24"]
[SourceVersion "1"]
[SourceVersionDate "2021.10.24"]
[SourceQuality "1"]

1. d4 Nf6 2. c4 c6 3. Nc3 d5 4. cxd5 cxd5 5. Nf3 Nc6 6. Bg5 Ne4 7. Bf4 e6 8. e3 g5 9. Bg3 h5 10. h3 Nxg3 11. fxg3 Bd7 12. e4 dxe4 13. Nxe4 Qa5+ 14. Qd2 Qxd2+ 15. Kxd2 Bg7 16. Nfxg5 Nxd4 17. Bd3 Ke7 18. Rhf1 Raf8 19. Rac1 Bc6 20. Ke1 f5 21. Nc5 Bxg2 22. Rf2 Bd5 23. b3 Be5 0-1

[Event "ZI-2013-0-01733"]
[Site "LSS email"]
[Date "2013.11.27"]
[Round "?"]
[White "Ramian, Zdenek"]
[Black "Tylecek, Drahomir"]
[Result "1/2-1/2"]
[WhiteElo "1678"]
[BlackElo "1999"]
[PlyCount "118"]
[EventDate "2013.11.24"]
[EventType "match (corr)"]
[EventRounds "2"]
[EventCountry "GER"]
[SourceTitle "Telechess CBM 167"]
[Source "ChessBase"]
[SourceDate "2015.07.13"]
[SourceVersion "1"]
[SourceVersionDate "2015.07.13"]
[SourceQuality "1"]

1. d4 Nf6 2. c4 g6 3. Nc3 d5 4. Nf3 Bg7 5. Bg5 Ne4 6. cxd5 Nxg5 7. Nxg5 e6 8. Nf3 exd5 9. e3 0-0 10. Be2 c6 11. 0-0 Qe7 12. Qc2 Be6 13. Rac1 Nd7 14. Na4 Rfe8 15. h3 Bf8 16. Nc5 Nxc5 17. dxc5 Bd7 18. Nd4 Qg5 19. Nf3 Qf6 20. Nd4 a5 21. Rfd1 a4 22. Qd2 Reb8 23. Bg4 Be8 24. Rc2 h5 25. Bf3 Bd7 26. b3 axb3 27. axb3 Qg5 28. Kh1 b6 29. b4 bxc5 30. bxc5 Qh4 31. Kg1 Ra4 32. Rcc1 Qe7 33. Be2 Be8 34. Qc2 Qa7 35. Rd2 Ra1 36. Rxa1 Qxa1+ 37. Rd1 Qa3 38. Rc1 Bd7 39. Qc3 Qxc3 40. Rxc3 Rb1+ 41. Kh2 Rb2 42. Kg3 Ra2 43. Kf3 Kg7 44. Rc1 Ra5 45. Nb3 Ra7 46. Nd4 h4 47. Rc2 f5 48. g3 hxg3 49. Kxg3 Ra3 50. h4 Kf7 51. Nf3 Kf6 52. Nd4 Ra1 53. f4 Ra4 54. Kf2 Be8 55. Kg3 Be7 56. Kf3 Ra3 57. Kf2 Ra8 58. Kg3 Ra1 59. Kf2 Ra7 1/2-1/2